Normal view MARC view
  • Gianni Siccardi, Juan M.

Entry Nombre Personal

Number of records used in: 1

001 - NUMERO DE CONTROL

  • campo de control: 54178

003 - IDENTIFICADOR DE NUMERO DE CONTROL

  • campo de control: MX-MxUPN

005 - FECHA Y HORA DE LA ÜLTIMA TRANSACCIÓN

  • campo de control: 20241017095911.0

008 - DATOS DE LONGITUD FIJA

  • campo de control de longitud fija: 241017|| acn||aabn | aaa d

040 ## - FUENTE DE CATALOGACIÓN

  • Agencia original de catalogación: MX-MxUPN
  • Lenguaje de catalogación: spa
  • Agencia de transcripción: MX-MxUPN

100 1# - ENCABEZAMIENTO - NOMBRE PERSONAL

  • Nombre personal: Gianni Siccardi, Juan M.

670 ## - FUENTE EN LA QUE SE LOCALIZARON DATOS

  • Cita de la fuente: Alegría de construir : trabajo manual y decoración,1967 :
  • Información localizada: página legal (traducción de Juan M. Gianni Siccardi)

902 ## - CATALOGADOR

  • Catalogador: MaríaRobles/171024